000 00721nam a2200241Ia 4500
003 OSt
005 20221005120109.0
006 a|||||r|||| 00| 0
007 ta
008 221004b |||||||| |||| 00| 0 eng d
024 _a66301
037 _cTextual
040 _aCRL
_cCRL
_beng
041 _2eng
_aeng
082 _aV73:8-19:N5, J0
110 _aGovernment of United States. Department of States
_9628529
245 0 _aDecade of American foreign policy
_b Basic documents, 1941-49.
260 _c1950
650 _aUNITED STATES - HISTORY
_931585
700 _aGovernment of United States. Department of States
_9628530
942 _hV73:8-19:N5, J0
_cTEXL
_2cc
999 _c1036873
_d1036873